|
|
|
|
| LEADER |
00000ckm a2200000 a 4500 |
| 001 |
vtls001202409 |
| 003 |
SK-MaSNL |
| 005 |
20260331203029.0 |
| 007 |
kf co |
| 008 |
231121s1988 xo g 0kuslo |
| 015 |
|
|
|a SNBG1988
|
| 035 |
|
|
|a SNK000145479
|
| 035 |
|
|
|a urn:nbn:sk:snk-km45vf9
|
| 035 |
|
|
|a 6A04506A-918C-4D57-A8B1-164CD85BB454
|
| 035 |
|
|
|a urn:nbn:sk:snk-km00fay6
|
| 040 |
|
|
|a SNK
|b slo
|c SNK
|e AACR2
|
| 041 |
0 |
|
|a slo
|
| 043 |
|
|
|a e-xo---
|
| 044 |
|
|
|a xo
|c SK
|
| 072 |
|
7 |
|a 913
|x Regionálna geografia
|2 konspekt
|
| 080 |
|
|
|a 913(437.6)
|2 2011
|
| 080 |
|
|
|a 728.82
|2 2011
|
| 080 |
|
|
|a 725.945
|2 2011
|
| 080 |
|
|
|a 721
|2 2011
|
| 080 |
|
|
|a 656.015
|2 2011
|
| 080 |
|
|
|a (084.121)
|2 2011
|
| 080 |
|
|
|a 730
|2 2011
|
| 100 |
1 |
|
|a Vrbovský, František
|c (fotograf)
|4 pht
|9 283300
|
| 245 |
1 |
0 |
|a Zvolen
|h grafika
|b zámok zo 14. st. : Námestie Slovenského národného povstania : budova OV KSS, v popredí socha B. Němcovej
|c foto: F. Vrbovský, J. Sekal ; výtvarný návrh: Ľ. Rázusová
|
| 246 |
1 |
|
|i Názov na obrazovej časti:
|a Zvolen
|
| 260 |
|
|
|a Bratislava
|b ČSTK-Pressfoto
|c 1988
|e Skalica
|f Grafobal
|
| 300 |
|
|
|a 1 pohľadnica (3 čiastkové pohľady)
|b farebná
|c 15 x 11 cm
|
| 520 |
8 |
|
|a Zobrazenie: Tri čiastkové pohľady, každý v bielom orámovaní, všetky spolu v strieborno-bielom orámovaní. Pohľad na Zvolenský zámok, v popredí sú na trávnatej ploche veľké kamene. Pohľad na mesto z výšky, v popredí vidno takmer prázdne parkovisko. Pohľad na kvetinový záhon v popredí pred sochou a pamätníkom B. Němcovej, vpraov je vysoký bytový dom, pred ním sú mladé listnaté stromy, vľaov za sochou vidno časť budovy dnešného Mestského úradu
|
| 600 |
1 |
7 |
|a Němcová, Božena,
|d 1820-1862
|2 SNKMA
|9 85909
|
| 610 |
2 |
7 |
|a Zvolenský zámok
|2 SNKKA
|9 231245
|
| 610 |
1 |
7 |
|a Zvolen (Slovensko).
|b Mestský úrad
|2 SNKKA
|9 238484
|
| 650 |
0 |
7 |
|a zámky
|2 SNKPH
|9 3041
|
| 650 |
0 |
7 |
|a parkoviská
|2 SNKPH
|9 29941
|
| 650 |
0 |
7 |
|a budovy
|2 SNKPH
|9 1283
|
| 650 |
0 |
7 |
|a pamätníky
|2 SNKPH
|9 25601
|
| 650 |
0 |
7 |
|a sochy
|2 SNKPH
|9 29846
|
| 651 |
|
7 |
|a Zvolen (Slovensko)
|2 SNKPHgeo
|9 14595
|
| 655 |
|
7 |
|a miestne pohľadnice
|2 SNKPH
|9 70510
|
| 700 |
1 |
|
|a Sekal, Josef,
|d 1936-
|4 pht
|9 83549
|
| 700 |
1 |
|
|a Rázusová, Ľubica
|c (grafička)
|4 art
|9 283298
|
| 852 |
|
|
|a Slovenská národná knižnica
|
| 954 |
|
|
|a pohľadnice pôvodné (slovenské)
|2 lita
|
| 954 |
|
|
|a pohľadnice cudzojazyčné (svetové)
|2 lita
|
| 958 |
|
|
|a GBN
|
| 958 |
|
|
|a GC
|
| 958 |
|
|
|a OND
|
| 958 |
|
|
|a EUIPO
|
| 999 |
|
|
|c 785839
|d 787769
|
| 952 |
|
|
|a SNK
|b SNK
|y PREZ
|7 0
|p 17A1284001
|o snkSP 139939
|i snk2767/88
|0 0
|1 0
|4 0
|d 2020-09-23
|f 1
|l 0
|r 2026-02-24 01:19:24
|w 2026-02-24
|
| 952 |
|
|
|a SNK
|b SNK
|y PREZ
|7 0
|p 17A1284002
|o snkSP 139939 D1
|i snk2768/88
|0 0
|1 0
|4 0
|d 2020-09-23
|l 0
|r 2026-02-24 01:19:24
|w 2026-02-24
|